000 00310nam a2200133Ia 4500
008 150301s2015 xx 000 0 und d
082 _a615.19
_bP12V
100 _aVYAS, S.P
245 _aPHARMACEUTICAL BIOTECHNOLOGY
260 _bCBS- DELHI
300 _a674
650 _aBIOTECHNOLOGY
942 _2ddc
_cBK
_09
999 _c7272
_d7272